Statistics for French soccer club ever play a cup in Europe

Click here to take the quiz!

General Stats

  • This quiz has been taken 1,051 times
    (793 since last reset)
  • The average score is 20 of 31

Answer Stats

C1C2C3C4Club% Correct
1769-Paris Saint Germain
100%
16410-Olympique Lyonnais
98%
16312-Olympique Marseille
98%
13612-AS Monaco
94%
7-51Lille OSC
94%
7218-FC Girondins de Bordeaux
90%
829-AS Saint-Etienne
89%
8212-FC Nantes
87%
2151OGC Nice
86%
1281Stade rennais
85%
113-Montpellier HSC
83%
3110-RC Lens
81%
4---Stade de Reims
77%
115-RC Strasbourg
76%
--5-Toulouse FC
76%
3113-AJ Auxerre
75%
-24-FC Metz
65%
--1-FC Lorient
56%
-12-AS Nancy-Lorraine
54%
--8-FC Sochaux-Montbéliard
51%
--2-EA Guingamp
50%
-22-SC Bastia
49%
--1-Angers SCO
48%
--1-SM Caen
48%
-12-Nîmes Olympique
44%
--1-ESTAC Troyes
43%
--2-AS Cannes
37%
--1-CS Sedan
29%
--1-Stade lavallois
17%
--1-FC Gueugnon
15%
--1-LB Châteauroux
13%

Score Distribution

Percentile by Number Answered

Percent of People with Each Score

Your Score History

You have not taken this quiz since the last reset